LEADER 00973nam0-2200313---450- 001 990009899880403321 005 20140930124553.0 010 $a88-14-18239-6 035 $a000989988 035 $aFED01000989988 035 $a(Aleph)000989988FED01 035 $a000989988 100 $a20140930d2013----km-y0itay50------ba 101 0 $aita 102 $aIT 105 $ay-------001yy 200 1 $aInsolvenza e responsabilità nel gruppo$fAnna Rosa Adiutori 210 $aMilano$cGiuffrè$d©2013 215 $a124 p.$d24 cm 225 1 $aUniversità degli studi di Roma La Sapienza, Dipartimento di diritto ed economia delle attività produttive. Sezione giuridica$v40 676 $a346.45031$v21$zita 700 1$aAdiutori,$bAnna Rosa$0277017 801 0$aIT$bUNINA$gRICA$2UNIMARC 901 $aBK 912 $a990009899880403321 952 $a21 AB 413$bs.i.$fDDCP 959 $aDDCP 996 $aInsolvenza e responsabilità nel gruppo$9828614 997 $aUNINA LEADER 01496nam 2200409 a 450 001 9910696233003321 005 20071126124504.0 035 $a(CKB)5470000002376493 035 $a(OCoLC)182520758 035 $a(EXLCZ)995470000002376493 100 $a20071126d2007 ua 0 101 0 $aeng 135 $aurmn||||||||| 181 $ctxt$2rdacontent 182 $cc$2rdamedia 183 $acr$2rdacarrier 200 10$aGlobal health$b[electronic resource] $eU.S. agencies support programs to build overseas capacity for infectious disease surveillance : report to congressional requesters 210 1$a[Washington, D.C.] :$cU.S. Govt. Accountability Office,$d[2007] 215 $aiii, 51 pages $cdigital, PDF file 300 $aTitle from title screen (viewed on Nov. 13, 2007). 300 $a"September 2007." 300 $aPaper version available from: U.S. Govt. Accountability Office, 441 G St., NW, Rm. LM, Washington, D.C. 20548. 300 $a"GAO-07-1186." 320 $aIncludes bibliographical references. 517 $aGlobal health 606 $aWorld health 606 $aAdministrative agencies$zUnited States$xRules and practice 606 $aCommunicable diseases$xPrevention 615 0$aWorld health. 615 0$aAdministrative agencies$xRules and practice. 615 0$aCommunicable diseases$xPrevention. 801 0$bGPO 801 1$bGPO 906 $aBOOK 912 $a9910696233003321 996 $aGlobal health$91946017 997 $aUNINA